000 00445nam a2200169Ia 4500
008 221030s9999 xx 000 0 und d
020 _a8178089416
041 _aEnglish
082 _a105.23
_bKat
100 _aD. Katre
245 0 _aMigrating to NET- A Pragmatic Path to Visual Basic Net, Visual C++ Net & ASP Net
260 _bPearson Educaiton
_aDelhi
_c2003
300 _a487
650 _aComputers
700 _aP. Halari
942 _cBK
999 _c2286
_d2286